[Event "Wood Green Invitational"]
[Site "Stafford"]
[Date "2021.08.21"]
[Round "4.3"]
[White "Turner, Matthew J"]
[Black "Willow, Jonah B"]
[Result "1-0"]
[WhiteElo "2509"]
[BlackElo "2396"]
[PlyCount "129"]
[EventDate "2021.08.19"]
[EventType "tourn"]
[EventRounds "9"]
[EventCountry "ENG"]
[EventCategory "7"]

1. c4 {[%emt 0:00:23]} c5 {[%emt 0:00:20]} 2. Nf3 {[%emt 0:00:26]} Nc6 {
[%emt 0:00:57]} 3. Nc3 {[%emt 0:00:22]} g6 {[%emt 0:00:36]} 4. e3 {[%emt 0:01:
27]} Nf6 {[%emt 0:00:26]} 5. d4 {[%emt 0:00:24]} cxd4 {[%emt 0:00:12]} 6. exd4
{[%emt 0:00:08]} d5 {[%emt 0:00:03]} 7. cxd5 {[%emt 0:00:44]} Nxd5 {[%emt 0:00:
05]} 8. Qb3 {[%emt 0:00:34]} e6 {[%emt 0:00:07]} 9. Bg5 {[%emt 0:01:17]} Be7 {
[%emt 0:00:50]} 10. Bh6 {[%emt 0:00:28]} Bf8 {[%emt 0:03:08]} 11. Bxf8 {
[%emt 0:00:53]} Kxf8 {[%emt 0:00:05]} 12. Bb5 {[%emt 0:00:30]} Na5 {[%emt 0:08:
50]} 13. Qa3+ {[%emt 0:04:35]} Kg7 {[%emt 0:00:43]} 14. O-O {[%emt 0:02:30]} a6
{[%emt 0:01:40]} 15. Be2 {[%emt 0:02:49]} Nc6 {[%emt 0:05:48]} 16. Rfd1 {
[%emt 0:02:03]} Qe7 {[%emt 0:14:51]} 17. Qb3 {[%emt 0:06:42]} Rd8 {[%emt 0:10:
02]} 18. Rac1 {[%emt 0:09:04]} Na5 {[%emt 0:14:09]} 19. Qa4 {[%emt 0:05:16]} b6
{[%emt 0:02:17]} 20. Ne5 {[%emt 0:06:28]} f6 {[%emt 0:05:30]} 21. Nxd5 {
[%emt 0:04:50]} exd5 {[%emt 0:01:11]} 22. b4 {[%emt 0:00:21]} fxe5 {[%emt 0:26:
19]} 23. bxa5 {[%emt 0:00:40]} b5 {[%emt 0:00:04]} 24. Qc2 {[%emt 0:05:25]} e4
{[%emt 0:00:33]} 25. Qc7 {[%emt 0:06:51]} Ra7 {[%emt 0:01:56]} 26. Qxe7+ {
[%emt 0:00:26]} Rxe7 {[%emt 0:00:01]} 27. Rc5 {[%emt 0:00:49]} Bb7 {[%emt 0:00:
41]} 28. Rdc1 {[%emt 0:00:20]} Rf8 {[%emt 0:00:50]} 29. Rc7 {[%emt 0:01:07]}
Rff7 {[%emt 0:00:10]} 30. Rxe7 {[%emt 0:00:34]} Rxe7 {[%emt 0:00:01]} 31. Kf1 {
[%emt 0:01:28]} h5 {[%emt 0:01:28]} 32. Ke1 {[%emt 0:00:22]} Kf6 {[%emt 0:00:
46]} 33. Kd2 {[%emt 0:00:31]} Ke6 {[%emt 0:00:18]} 34. Ke3 {[%emt 0:01:38]} Kd6
{[%emt 0:00:18]} 35. Bd1 {[%emt 0:09:00]} Bc6 {[%emt 0:00:28]} 36. Bb3 {
[%emt 0:02:46]} Rf7 {[%emt 0:00:32]} 37. h4 {[%emt 0:01:51]} Bd7 {[%emt 0:00:
45]} 38. Rc5 {[%emt 0:01:10]} Bc6 {[%emt 0:00:02]} 39. Bd1 {[%emt 0:03:52]} Rf8
{[%emt 0:00:45]} 40. Bc2 {[%emt 0:04:41]} Rf7 {[%emt 0:00:56]} 41. a3 {[%emt 0:
03:20]} Rf8 {[%emt 0:00:22]} 42. Bb1 {[%emt 0:00:54]} Bd7 {[%emt 0:00:18]} 43.
Ba2 {[%emt 0:00:56]} Bc6 {[%emt 0:00:05]} 44. Bb3 {[%emt 0:00:47]} Rf7 {
[%emt 0:00:23]} 45. Bc2 {[%emt 0:01:59]} Rf8 {[%emt 0:00:13]} 46. Rc3 {[%emt 0:
00:34]} Bd7 {[%emt 0:00:15]} 47. f3 {[%emt 0:00:43]} exf3 {[%emt 0:00:27]} 48.
gxf3 {[%emt 0:00:04]} Rf6 {[%emt 0:01:22]} 49. Bb1 {[%emt 0:01:19]} Bc6 {
[%emt 0:00:55]} 50. Rc1 {[%emt 0:01:35]} Bd7 {[%emt 0:00:28]} 51. Rg1 {[%emt 0:
00:17]} Be8 {[%emt 0:00:02]} 52. Rg5 {[%emt 0:00:41]} Re6+ {[%emt 0:00:32]} 53.
Kf2 {[%emt 0:00:41]} Rf6 {[%emt 0:00:24]} 54. Re5 {[%emt 0:01:31]} Bd7 {
[%emt 0:00:43]} 55. Kg3 {[%emt 0:00:15]} Be6 {[%emt 0:00:24]} 56. Rg5 {[%emt 0:
00:18]} Bf7 {[%emt 0:00:04]} 57. f4 {[%emt 0:00:23]} Re6 {[%emt 0:00:18]} 58.
Re5 {[%emt 0:00:06]} Rf6 {[%emt 0:00:54]} 59. Bd3 {[%emt 0:00:52]} Kd7 {
[%emt 0:01:45]} 60. f5 {[%emt 0:00:30]} gxf5 {[%emt 0:00:23]} 61. Rxf5 {
[%emt 0:00:39]} Ke7 {[%emt 0:01:31]} 62. Rxf6 {[%emt 0:00:20]} Kxf6 {[%emt 0:
00:01]} 63. Kf4 {[%emt 0:00:07]} Be6 {[%emt 0:01:08]} 64. Be2 {[%emt 0:00:17]}
Bf7 {[%emt 0:00:17]} 65. Bf3 {[%emt 0:00:08]} 1-0

[Event "Wood Green Invitational"]
[Site "Stafford"]
[Date "2021.08.21"]
[Round "4.4"]
[White "Greet, Andrew N"]
[Black "Blackburn, Jonathan LB"]
[Result "1-0"]
[WhiteElo "2417"]
[BlackElo "2235"]
[PlyCount "91"]
[EventDate "2021.08.19"]
[EventType "tourn"]
[EventRounds "9"]
[EventCountry "ENG"]
[EventCategory "7"]

1. d4 {[%emt 0:00:04]} Nf6 {[%emt 0:00:06]} 2. c4 {[%emt 0:00:07]} g6 {[%emt 0:
00:09]} 3. g3 {[%emt 0:00:06]} Bg7 {[%emt 0:00:12]} 4. Bg2 {[%emt 0:00:05]} d6
{[%emt 0:00:22]} 5. Nc3 {[%emt 0:00:20]} O-O {[%emt 0:00:08]} 6. Nf3 {[%emt 0:
00:05]} c6 {[%emt 0:00:38]} 7. O-O {[%emt 0:00:15]} Qb6 {[%emt 0:01:10]} 8. b3
{[%emt 0:00:53]} e5 {[%emt 0:02:29]} 9. Ba3 {[%emt 0:02:10]} e4 {[%emt 0:16:25]
} 10. Ng5 {[%emt 0:03:48]} Qa5 {[%emt 0:11:31]} 11. Qc1 {[%emt 0:00:10]} e3 {
[%emt 0:00:12]} 12. f4 {[%emt 0:00:30]} c5 {[%emt 0:05:50]} 13. dxc5 {[%emt 0:
09:52]} dxc5 {[%emt 0:01:51]} 14. Bb2 {[%emt 0:00:13]} Nc6 {[%emt 0:02:29]} 15.
Bxc6 {[%emt 0:04:21]} bxc6 {[%emt 0:00:10]} 16. Nce4 {[%emt 0:01:08]} Nxe4 {
[%emt 0:03:45]} 17. Nxe4 {[%emt 0:00:09]} Bd4 {[%emt 0:13:39]} 18. Rd1 {
[%emt 0:04:49]} Bf5 {[%emt 0:14:49]} 19. Rxd4 {[%emt 0:02:42]} cxd4 {[%emt 0:
00:34]} 20. Nf6+ {[%emt 0:00:08]} Kg7 {[%emt 0:02:05]} 21. Bxd4 {[%emt 0:00:29]
} Qd2 {[%emt 0:02:07]} 22. Ne8+ {[%emt 0:49:40]} Kg8 {[%emt 0:00:04]} 23. Nf6+
{[%emt 0:00:05]} Kg7 {[%emt 0:00:04]} 24. Qxd2 {[%emt 0:00:22]} exd2 {[%emt 0:
00:04]} 25. Ne8+ {[%emt 0:00:09]} Kg8 {[%emt 0:00:08]} 26. Nf6+ {[%emt 0:00:05]
} Kg7 {[%emt 0:03:39]} 27. Ne4+ {[%emt 0:10:10]} f6 {[%emt 0:00:16]} 28. Nxd2 {
[%emt 0:00:04]} Rad8 {[%emt 0:01:47]} 29. Bc3 {[%emt 0:00:05]} Rfe8 {[%emt 0:
00:55]} 30. Kf2 {[%emt 0:00:08]} c5 {[%emt 0:00:19]} 31. Re1 {[%emt 0:01:15]}
Be4 {[%emt 0:00:34]} 32. g4 {[%emt 0:00:35]} Kf7 {[%emt 0:00:04]} 33. Rg1 {
[%emt 0:01:38]} Bc6 {[%emt 0:03:04]} 34. g5 {[%emt 0:00:44]} f5 {[%emt 0:00:11]
} 35. Rg3 {[%emt 0:01:16]} Re6 {[%emt 0:02:12]} 36. h4 {[%emt 0:03:12]} Red6 {
[%emt 0:02:12]} 37. Ke1 {[%emt 0:01:53]} Bb7 {[%emt 0:01:24]} 38. Rh3 {[%emt 0:
00:07]} h5 {[%emt 0:01:25]} 39. gxh6 {[%emt 0:00:06]} Kg8 {[%emt 0:00:05]} 40.
Re3 {[%emt 0:00:43]} Kh7 {[%emt 0:00:34]} 41. Re7+ {[%emt 0:00:19]} Kxh6 {
[%emt 0:00:20]} 42. Rxb7 {[%emt 0:00:09]} a6 {[%emt 0:00:18]} 43. Nf3 {[%emt 0:
01:17]} Kh5 {[%emt 0:00:31]} 44. Kf2 {[%emt 0:00:24]} Kg4 {[%emt 0:00:30]} 45.
Be5 {[%emt 0:00:22]} Rc6 {[%emt 0:00:20]} 46. Rg7 {[%emt 0:00:24]} 1-0

[Event "Wood Green Invitational"]
[Site "Stafford"]
[Date "2021.08.21"]
[Round "4.5"]
[White "Hebden, Mark L"]
[Black "Harvey, Marcus R"]
[Result "1/2-1/2"]
[WhiteElo "2453"]
[BlackElo "2440"]
[PlyCount "99"]
[EventDate "2021.08.19"]
[EventType "tourn"]
[EventRounds "9"]
[EventCountry "ENG"]
[EventCategory "7"]

1. d4 {[%emt 0:00:21]} d5 {[%emt 0:00:18]} 2. Nf3 {[%emt 0:00:28]} Nf6 {
[%emt 0:00:06]} 3. c4 {[%emt 0:00:15]} c6 {[%emt 0:00:07]} 4. e3 {[%emt 0:00:
33]} Bf5 {[%emt 0:00:05]} 5. Nc3 {[%emt 0:00:33]} e6 {[%emt 0:00:04]} 6. Nh4 {
[%emt 0:00:50]} Be4 {[%emt 0:00:05]} 7. f3 {[%emt 0:00:35]} Bg6 {[%emt 0:00:03]
} 8. Qb3 {[%emt 0:00:44]} Qc7 {[%emt 0:00:06]} 9. Bd2 {[%emt 0:01:15]} Be7 {
[%emt 0:00:06]} 10. cxd5 {[%emt 0:01:11]} cxd5 {[%emt 0:00:21]} 11. Nxg6 {
[%emt 0:00:06]} hxg6 {[%emt 0:00:04]} 12. O-O-O {[%emt 0:00:08]} Nc6 {[%emt 0:
03:37]} 13. Kb1 {[%emt 0:00:47]} O-O-O {[%emt 0:04:24]} 14. Rc1 {[%emt 0:04:18]
} Kb8 {[%emt 0:01:05]} 15. Na4 {[%emt 0:07:32]} Ka8 {[%emt 0:06:20]} 16. Bb5 {
[%emt 0:02:48]} Nd7 {[%emt 0:00:27]} 17. h3 {[%emt 0:17:38]} Rb8 {[%emt 0:10:
50]} 18. Rc2 {[%emt 0:09:35]} a6 {[%emt 0:05:36]} 19. Bxc6 {[%emt 0:03:12]}
bxc6 {[%emt 0:00:09]} 20. Qd3 {[%emt 0:00:35]} Qb7 {[%emt 0:00:05]} 21. Rhc1 {
[%emt 0:01:35]} Qb5 {[%emt 0:00:37]} 22. Qxb5 {[%emt 0:00:32]} cxb5 {[%emt 0:
01:15]} 23. Rc7 {[%emt 0:01:23]} Rhd8 {[%emt 0:01:45]} 24. R1c6 {[%emt 0:10:25]
} Rb7 {[%emt 0:00:37]} 25. Nc5 {[%emt 0:04:44]} Nxc5 {[%emt 0:17:54]} 26. dxc5
{[%emt 0:00:15]} Ka7 {[%emt 0:00:04]} 27. Ba5 {[%emt 0:00:35]} Rd7 {[%emt 0:07:
51]} 28. Rxd7 {[%emt 0:10:16]} Rxd7 {[%emt 0:00:08]} 29. b4 {[%emt 0:00:10]}
Kb7 {[%emt 0:03:32]} 30. Rb6+ {[%emt 0:00:53]} Ka7 {[%emt 0:00:02]} 31. c6 {
[%emt 0:08:34]} Rc7 {[%emt 0:00:34]} 32. Rxa6+ {[%emt 0:00:12]} Kxa6 {[%emt 0:
00:03]} 33. Bxc7 {[%emt 0:00:05]} Bxb4 {[%emt 0:00:04]} 34. Kc2 {[%emt 0:00:09]
} Bc5 {[%emt 0:01:38]} 35. Kd3 {[%emt 0:00:39]} f6 {[%emt 0:04:02]} 36. e4 {
[%emt 0:00:38]} f5 {[%emt 0:01:53]} 37. exd5 {[%emt 0:01:23]} exd5 {[%emt 0:00:
02]} 38. g4 {[%emt 0:00:42]} fxg4 {[%emt 0:00:33]} 39. fxg4 {[%emt 0:01:01]} g5
{[%emt 0:02:50]} 40. Bd8 {[%emt 0:03:04]} g6 {[%emt 0:00:09]} 41. Kc3 {[%emt 0:
03:38]} Ka7 {[%emt 0:00:19]} 42. Kb3 {[%emt 0:00:52]} Ka6 {[%emt 0:02:25]} 43.
a4 {[%emt 0:02:21]} bxa4+ {[%emt 0:00:04]} 44. Kxa4 {[%emt 0:00:01]} Bd6 {
[%emt 0:00:28]} 45. Kb3 {[%emt 0:01:04]} Ka7 {[%emt 0:00:33]} 46. Kc3 {[%emt 0:
00:12]} Bc5 {[%emt 0:00:04]} 47. Kd3 {[%emt 0:00:19]} Ka6 {[%emt 0:00:26]} 48.
Bxg5 {[%emt 0:02:16]} Kb6 {[%emt 0:00:04]} 49. h4 {[%emt 0:00:23]} Kxc6 {
[%emt 0:00:07]} 50. h5 {[%emt 0:00:10]} 1/2-1/2

[Event "Wood Green Invitational"]
[Site "Stafford"]
[Date "2021.08.21"]
[Round "5.1"]
[White "Harvey, Marcus R"]
[Black "Fodor, Tamas Jr"]
[Result "1/2-1/2"]
[WhiteElo "2440"]
[BlackElo "2520"]
[PlyCount "106"]
[EventDate "2021.08.19"]
[EventType "tourn"]
[EventRounds "9"]
[EventCountry "ENG"]
[EventCategory "7"]

1. Nf3 {[%emt 0:00:18]} d5 {[%emt 0:00:08]} 2. d4 {[%emt 0:00:05]} Nf6 {
[%emt 0:00:13]} 3. c4 {[%emt 0:00:05]} c6 {[%emt 0:00:17]} 4. Nc3 {[%emt 0:00:
04]} e6 {[%emt 0:00:23]} 5. cxd5 {[%emt 0:00:58]} exd5 {[%emt 0:00:12]} 6. Bf4
{[%emt 0:00:05]} Bd6 {[%emt 0:00:33]} 7. Bxd6 {[%emt 0:00:10]} Qxd6 {[%emt 0:
00:06]} 8. e3 {[%emt 0:00:03]} Bf5 {[%emt 0:01:03]} 9. Nh4 {[%emt 0:00:06]} Bg4
{[%emt 0:03:51]} 10. Qc2 {[%emt 0:01:06]} Nbd7 {[%emt 0:12:40]} 11. h3 {
[%emt 0:00:28]} Be6 {[%emt 0:00:14]} 12. Nf5 {[%emt 0:02:45]} Bxf5 {[%emt 0:01:
22]} 13. Qxf5 {[%emt 0:00:06]} O-O {[%emt 0:01:13]} 14. Qc2 {[%emt 0:07:23]}
Rfe8 {[%emt 0:03:15]} 15. Bd3 {[%emt 0:01:05]} Re7 {[%emt 0:01:04]} 16. O-O {
[%emt 0:00:23]} Rae8 {[%emt 0:00:17]} 17. b4 {[%emt 0:00:48]} a6 {[%emt 0:01:
24]} 18. a4 {[%emt 0:02:02]} g6 {[%emt 0:02:13]} 19. Rfc1 {[%emt 0:01:58]} h5 {
[%emt 0:05:23]} 20. b5 {[%emt 0:00:18]} axb5 {[%emt 0:01:27]} 21. axb5 {
[%emt 0:00:05]} c5 {[%emt 0:00:11]} 22. dxc5 {[%emt 0:00:27]} Nxc5 {[%emt 0:00:
59]} 23. Bf1 {[%emt 0:03:15]} Ne6 {[%emt 0:08:36]} 24. Rd1 {[%emt 0:00:25]} Qe5
{[%emt 0:01:43]} 25. Ne2 {[%emt 0:02:13]} Rc7 {[%emt 0:02:31]} 26. Qa2 {
[%emt 0:08:44]} Qf5 {[%emt 0:06:38]} 27. Ng3 {[%emt 0:02:55]} Qg5 {[%emt 0:01:
44]} 28. b6 {[%emt 0:01:04]} Rc5 {[%emt 0:03:29]} 29. Qa7 {[%emt 0:02:38]} Nd8
{[%emt 0:01:15]} 30. Bd3 {[%emt 0:02:55]} Nd7 {[%emt 0:06:24]} 31. Ne2 {
[%emt 0:02:25]} Qf6 {[%emt 0:07:08]} 32. Rab1 {[%emt 0:00:29]} Re6 {[%emt 0:01:
45]} 33. Nd4 {[%emt 0:10:05]} Rxb6 {[%emt 0:01:32]} 34. Bb5 {[%emt 0:01:06]}
Nf8 {[%emt 0:03:06]} 35. Rdc1 {[%emt 0:02:36]} Qd6 {[%emt 0:02:33]} 36. Qa8 {
[%emt 0:05:21]} Nde6 {[%emt 0:03:07]} 37. Nxe6 {[%emt 0:03:24]} Rxc1+ {[%emt 0:
01:04]} 38. Rxc1 {[%emt 0:00:01]} Qxe6 {[%emt 0:00:07]} 39. Be2 {[%emt 0:01:10]
} Kg7 {[%emt 0:07:44]} 40. Bf3 {[%emt 0:00:10]} Nd7 {[%emt 0:01:31]} 41. Qd8 {
[%emt 0:00:23]} Rc6 {[%emt 0:01:09]} 42. Rd1 {[%emt 0:02:47]} Rd6 {[%emt 0:00:
14]} 43. Qa5 {[%emt 0:00:19]} Nf6 {[%emt 0:00:23]} 44. Qb4 {[%emt 0:00:28]} g5
{[%emt 0:01:56]} 45. Qd4 {[%emt 0:03:04]} g4 {[%emt 0:01:47]} 46. hxg4 {
[%emt 0:00:04]} hxg4 {[%emt 0:00:04]} 47. Be2 {[%emt 0:00:42]} Qf5 {[%emt 0:00:
31]} 48. Bd3 {[%emt 0:01:26]} Qh5 {[%emt 0:00:09]} 49. g3 {[%emt 0:00:54]} Rd8
{[%emt 0:05:28]} 50. Be4 {[%emt 0:00:47]} Rd7 {[%emt 0:00:33]} 51. Bd3 {
[%emt 0:01:22]} Rd8 {[%emt 0:00:22]} 52. Be4 {[%emt 0:00:13]} Rd7 {[%emt 0:01:
28]} 53. Bd3 {[%emt 0:00:38]} Rd8 {[%emt 0:00:08]} 1/2-1/2

[Event "Wood Green Invitational"]
[Site "Stafford"]
[Date "2021.08.21"]
[Round "5.2"]
[White "Blackburn, Jonathan LB"]
[Black "Hebden, Mark L"]
[Result "0-1"]
[WhiteElo "2235"]
[BlackElo "2453"]
[PlyCount "106"]
[EventDate "2021.08.19"]
[EventType "tourn"]
[EventRounds "9"]
[EventCountry "ENG"]
[EventCategory "7"]

1. d4 {[%emt 0:00:02]} Nf6 {[%emt 0:00:25]} 2. c4 {[%emt 0:00:05]} g6 {[%emt 0:
00:18]} 3. Nc3 {[%emt 0:00:04]} Bg7 {[%emt 0:00:06]} 4. e4 {[%emt 0:00:04]} d6
{[%emt 0:00:05]} 5. Be2 {[%emt 0:00:19]} O-O {[%emt 0:00:49]} 6. Nf3 {[%emt 0:
00:05]} e5 {[%emt 0:01:21]} 7. d5 {[%emt 0:00:29]} a5 {[%emt 0:02:25]} 8. Bg5 {
[%emt 0:00:22]} h6 {[%emt 0:01:47]} 9. Bh4 {[%emt 0:00:05]} Na6 {[%emt 0:00:50]
} 10. Nd2 {[%emt 0:00:35]} Qe8 {[%emt 0:03:19]} 11. a3 {[%emt 0:00:18]} Bd7 {
[%emt 0:00:18]} 12. b3 {[%emt 0:00:04]} Nh7 {[%emt 0:00:42]} 13. f3 {[%emt 0:
05:16]} h5 {[%emt 0:01:52]} 14. O-O {[%emt 0:01:32]} Bh6 {[%emt 0:00:19]} 15.
Kh1 {[%emt 0:00:24]} Bg5 {[%emt 0:02:38]} 16. Bf2 {[%emt 0:03:39]} Qe7 {
[%emt 0:03:46]} 17. Qc2 {[%emt 0:13:05]} h4 {[%emt 0:02:19]} 18. Rab1 {[%emt 0:
07:08]} Bf4 {[%emt 0:03:00]} 19. Rfd1 {[%emt 0:11:04]} Nc5 {[%emt 0:15:58]} 20.
b4 {[%emt 0:03:41]} axb4 {[%emt 0:00:12]} 21. axb4 {[%emt 0:00:05]} Na4 {
[%emt 0:00:05]} 22. Nb5 {[%emt 0:08:22]} Bxb5 {[%emt 0:04:51]} 23. cxb5 {
[%emt 0:00:04]} Nb6 {[%emt 0:00:11]} 24. Ra1 {[%emt 0:09:25]} Kg7 {[%emt 0:01:
16]} 25. Nc4 {[%emt 0:03:58]} Nxc4 {[%emt 0:00:28]} 26. Qxc4 {[%emt 0:00:09]}
Qg5 {[%emt 0:04:49]} 27. Qd3 {[%emt 0:07:45]} Nf6 {[%emt 0:00:52]} 28. Bf1 {
[%emt 0:07:47]} Nh5 {[%emt 0:00:30]} 29. Qc3 {[%emt 0:00:52]} Rfc8 {[%emt 0:02:
38]} 30. Kg1 {[%emt 0:02:29]} Rxa1 {[%emt 0:09:03]} 31. Rxa1 {[%emt 0:00:40]}
Bd2 {[%emt 0:00:08]} 32. Qb3 {[%emt 0:03:01]} f5 {[%emt 0:07:21]} 33. exf5 {
[%emt 0:01:52]} gxf5 {[%emt 0:00:12]} 34. Ra7 {[%emt 0:00:30]} e4 {[%emt 0:04:
40]} 35. fxe4 {[%emt 0:03:16]} fxe4 {[%emt 0:00:11]} 36. Qh3 {[%emt 0:01:02]}
Rf8 {[%emt 0:01:02]} 37. Bd4+ {[%emt 0:02:52]} Kh6 {[%emt 0:03:22]} 38. Qe6+ {
[%emt 0:00:57]} Nf6 {[%emt 0:00:25]} 39. Ra3 {[%emt 0:02:33]} Qxd5 {[%emt 0:02:
00]} 40. Qxd5 {[%emt 0:00:05]} Nxd5 {[%emt 0:00:06]} 41. g3 {[%emt 0:01:08]}
Bxb4 {[%emt 0:01:46]} 42. Rb3 {[%emt 0:00:30]} Bc5 {[%emt 0:00:30]} 43. Bxc5 {
[%emt 0:00:19]} dxc5 {[%emt 0:00:06]} 44. gxh4 {[%emt 0:01:46]} Rf4 {[%emt 0:
01:06]} 45. Bc4 {[%emt 0:00:51]} Nb6 {[%emt 0:00:46]} 46. Be6 {[%emt 0:00:05]}
Rxh4 {[%emt 0:00:21]} 47. Rc3 {[%emt 0:01:03]} Rh5 {[%emt 0:00:17]} 48. Rh3 {
[%emt 0:00:44]} Rxh3 {[%emt 0:01:03]} 49. Bxh3 {[%emt 0:00:02]} Kg5 {[%emt 0:
02:16]} 50. Bg2 {[%emt 0:00:40]} Kf4 {[%emt 0:00:20]} 51. h4 {[%emt 0:00:08]}
c4 {[%emt 0:00:57]} 52. Kf1 {[%emt 0:00:06]} c3 {[%emt 0:00:24]} 53. Ke2 {
[%emt 0:00:19]} Nc4 {[%emt 0:00:10]} 0-1

[Event "Wood Green Invitational"]
[Site "Stafford"]
[Date "2021.08.21"]
[Round "5.3"]
[White "Willow, Jonah B"]
[Black "Greet, Andrew N"]
[Result "1-0"]
[WhiteElo "2396"]
[BlackElo "2417"]
[PlyCount "87"]
[EventDate "2021.08.19"]
[EventType "tourn"]
[EventRounds "9"]
[EventCountry "ENG"]
[EventCategory "7"]

1. e4 {[%emt 0:00:01]} e5 {[%emt 0:00:07]} 2. Nf3 {[%emt 0:00:05]} Nc6 {
[%emt 0:00:07]} 3. Nc3 {[%emt 0:00:10]} Nf6 {[%emt 0:00:05]} 4. Bb5 {[%emt 0:
00:03]} Nd4 {[%emt 0:00:08]} 5. Bc4 {[%emt 0:00:18]} Bc5 {[%emt 0:00:13]} 6.
Nxe5 {[%emt 0:04:57]} Qe7 {[%emt 0:00:29]} 7. Nf3 {[%emt 0:00:14]} d5 {[%emt 0:
00:18]} 8. Nxd5 {[%emt 0:00:22]} Qxe4+ {[%emt 0:00:17]} 9. Ne3 {[%emt 0:00:08]}
Bg4 {[%emt 0:00:16]} 10. Be2 {[%emt 0:00:34]} Nxe2 {[%emt 0:00:37]} 11. Qxe2 {
[%emt 0:00:19]} O-O-O {[%emt 0:00:15]} 12. d3 {[%emt 0:00:59]} Bxf3 {[%emt 0:
00:13]} 13. Qxf3 {[%emt 0:00:25]} Qxf3 {[%emt 0:00:07]} 14. gxf3 {[%emt 0:00:
03]} Rhe8 {[%emt 0:00:11]} 15. Kf1 {[%emt 0:06:51]} g6 {[%emt 0:03:29]} 16. Bd2
{[%emt 0:02:26]} Nh5 {[%emt 0:39:30]} 17. Re1 {[%emt 0:04:16]} f5 {[%emt 0:06:
13]} 18. Nd1 {[%emt 0:20:24]} Rxe1+ {[%emt 0:00:58]} 19. Bxe1 {[%emt 0:01:47]}
Re8 {[%emt 0:04:05]} 20. Bd2 {[%emt 0:00:36]} Bd6 {[%emt 0:01:06]} 21. Be3 {
[%emt 0:03:03]} b5 {[%emt 0:09:57]} 22. a3 {[%emt 0:10:03]} Kb7 {[%emt 0:00:32]
} 23. Nc3 {[%emt 0:01:26]} a6 {[%emt 0:02:19]} 24. Ne2 {[%emt 0:01:34]} c5 {
[%emt 0:01:03]} 25. Ke1 {[%emt 0:05:32]} Be5 {[%emt 0:08:47]} 26. Bxc5 {
[%emt 0:02:23]} Bxb2 {[%emt 0:01:34]} 27. Kd2 {[%emt 0:01:03]} Be5 {[%emt 0:05:
17]} 28. d4 {[%emt 0:00:46]} Bc7 {[%emt 0:00:50]} 29. Kd3 {[%emt 0:02:35]} Kc6
{[%emt 0:01:13]} 30. a4 {[%emt 0:04:14]} bxa4 {[%emt 0:05:36]} 31. Ra1 {
[%emt 0:04:59]} Bxh2 {[%emt 0:00:36]} 32. Rxa4 {[%emt 0:00:12]} Ra8 {[%emt 0:
00:08]} 33. c4 {[%emt 0:01:16]} Bd6 {[%emt 0:03:31]} 34. Bxd6 {[%emt 0:00:53]}
Kxd6 {[%emt 0:00:05]} 35. c5+ {[%emt 0:00:07]} Kd7 {[%emt 0:03:34]} 36. d5 {
[%emt 0:00:17]} a5 {[%emt 0:01:18]} 37. Kc4 {[%emt 0:00:46]} Nf6 {[%emt 0:00:
13]} 38. Nd4 {[%emt 0:00:40]} h5 {[%emt 0:00:26]} 39. c6+ {[%emt 0:01:54]} Ke7
{[%emt 0:01:04]} 40. Nb5 {[%emt 0:01:01]} h4 {[%emt 0:00:50]} 41. d6+ {[%emt 0:
00:05]} Kf7 {[%emt 0:00:06]} 42. Kc5 {[%emt 0:04:35]} h3 {[%emt 0:00:20]} 43.
Rh4 {[%emt 0:01:44]} Rc8 {[%emt 0:00:59]} 44. c7 {[%emt 0:00:20]} 1-0

[Event "Wood Green Invitational"]
[Site "Stafford"]
[Date "2021.08.21"]
[Round "5.5"]
[White "Haria, Ravi"]
[Black "Derakhshani, Borna"]
[Result "1-0"]
[WhiteElo "2440"]
[BlackElo "2373"]
[PlyCount "109"]
[EventDate "2021.08.19"]
[EventType "tourn"]
[EventRounds "9"]
[EventCountry "ENG"]
[EventCategory "7"]

1. e4 {[%emt 0:00:01]} c6 {[%emt 0:02:36]} 2. d4 {[%emt 0:00:24]} d5 {[%emt 0:
00:17]} 3. exd5 {[%emt 0:00:06]} cxd5 {[%emt 0:00:04]} 4. Nf3 {[%emt 0:00:07]}
Nc6 {[%emt 0:00:49]} 5. Bb5 {[%emt 0:01:08]} Qa5+ {[%emt 0:00:24]} 6. Nc3 {
[%emt 0:00:07]} Bg4 {[%emt 0:00:03]} 7. h3 {[%emt 0:01:32]} Bxf3 {[%emt 0:00:
19]} 8. Qxf3 {[%emt 0:00:06]} e6 {[%emt 0:00:11]} 9. O-O {[%emt 0:01:59]} a6 {
[%emt 0:04:10]} 10. Bxc6+ {[%emt 0:02:52]} bxc6 {[%emt 0:00:06]} 11. a3 {
[%emt 0:10:26]} Nf6 {[%emt 0:10:15]} 12. Qg3 {[%emt 0:08:26]} Qd8 {[%emt 0:17:
16]} 13. Rd1 {[%emt 0:10:00]} Nh5 {[%emt 0:04:55]} 14. Qe5 {[%emt 0:01:04]} Nf6
{[%emt 0:00:08]} 15. Qg3 {[%emt 0:06:15]} Nh5 {[%emt 0:00:32]} 16. Qf3 {
[%emt 0:01:54]} Nf6 {[%emt 0:00:30]} 17. Bf4 {[%emt 0:00:56]} Bd6 {[%emt 0:01:
30]} 18. Na4 {[%emt 0:04:10]} O-O {[%emt 0:03:01]} 19. Bxd6 {[%emt 0:01:16]}
Qxd6 {[%emt 0:00:10]} 20. c4 {[%emt 0:01:19]} Ne4 {[%emt 0:13:12]} 21. Rac1 {
[%emt 0:00:26]} f5 {[%emt 0:05:13]} 22. Rc2 {[%emt 0:02:24]} Rf6 {[%emt 0:15:
36]} 23. cxd5 {[%emt 0:03:52]} cxd5 {[%emt 0:01:30]} 24. Rdc1 {[%emt 0:02:12]}
Raf8 {[%emt 0:02:10]} 25. Rc6 Qb8 {[%emt 0:00:12]} 26. Nb6 {[%emt 0:14:28]} Ng5
{[%emt 0:07:10]} 27. Qe3 {[%emt 0:08:39]} f4 {[%emt 0:00:09]} 28. Qe5 {[%emt 0:
00:34]} Qxe5 {[%emt 0:00:58]} 29. dxe5 {[%emt 0:00:02]} Rg6 {[%emt 0:01:21]}
30. Nc8 {[%emt 0:05:44]} Re8 {[%emt 0:02:59]} 31. Nd6 {[%emt 0:02:07]} Rf8 32.
Nc8 {[%emt 0:01:19]} Re8 33. Rc7 {[%emt 0:01:16]} Kf8 {[%emt 0:01:41]} 34. Nd6
{[%emt 0:00:20]} Rb8 {[%emt 0:01:40]} 35. Kf1 {[%emt 0:01:18]} f3 {[%emt 0:00:
30]} 36. g3 {[%emt 0:01:33]} Nxh3 {[%emt 0:01:58]} 37. Rf7+ {[%emt 0:00:11]}
Kg8 38. Rxf3 {[%emt 0:00:20]} h5 {[%emt 0:00:34]} 39. b4 {[%emt 0:00:43]} Rg4 {
[%emt 0:01:04]} 40. Rc6 {[%emt 0:04:07]} Ng5 {[%emt 0:01:41]} 41. Rf4 {[%emt 0:
00:51]} Rxf4 {[%emt 0:00:43]} 42. gxf4 {[%emt 0:00:02]} Nh3 {[%emt 0:01:44]}
43. f5 {[%emt 0:02:54]} Nf4 {[%emt 0:00:32]} 44. fxe6 {[%emt 0:00:09]} Nxe6 {
[%emt 0:00:04]} 45. Rxa6 {[%emt 0:00:47]} h4 {[%emt 0:00:36]} 46. Nf5 {[%emt 0:
00:21]} Nc7 {[%emt 0:00:09]} 47. Ra7 {[%emt 0:00:15]} Nb5 {[%emt 0:00:58]} 48.
Rxg7+ {[%emt 0:00:06]} Kh8 {[%emt 0:00:02]} 49. Rd7 {[%emt 0:01:19]} h3 {
[%emt 0:01:10]} 50. e6 {[%emt 0:00:27]} Rg8 {[%emt 0:00:10]} 51. e7 {[%emt 0:
00:38]} h2 {[%emt 0:00:24]} 52. Ng3 {[%emt 0:00:01]} Re8 {[%emt 0:00:20]} 53.
Rxd5 {[%emt 0:00:38]} Nc7 {[%emt 0:00:53]} 54. Rd7 {[%emt 0:00:39]} Ne6 {
[%emt 0:00:04]} 55. Kg2 {[%emt 0:00:10]} 1-0